ALL Vermont Cities - Statistics

General Stats
  • This quiz has been taken 32 times
  • The average score is 73 of 256
Answer Stats
County City / Town % Correct
R Rutland Rutland
88%
B Chittenden Burlington
81%
E Chittenden Essex
81%
F Franklin Franklin
75%
M Washington Montpelier
75%
W Windsor Windsor
75%
A Addison Addison
69%
B Washington Barre
69%
B Bennington Bennington
69%
B Windham Brattleboro
69%
G Grand Isle Grand Isle
63%
O Orange Orange
63%
S Franklin St. Albans
63%
S Caledonia St. Johnsbury
63%
N Orleans Newport
56%
S Chittenden South Burlington
56%
S Lamoille Stowe
56%
W Orange Washington
56%
D Orleans Derby
50%
E Chittenden Essex Junction
50%
S Windsor Springfield
50%
W Windham Windham
50%
C Chittenden Colchester
44%
C Orleans Coventry
44%
N Grand Isle North Hero
44%
S Chittenden Shelburne
44%
S Grand Isle South Hero
44%
W Chittenden Winooski
44%
B Windsor Bethel
38%
C Orleans Charleston
38%
C Essex Concord
38%
D Caledonia Danville
38%
D Windham Dover
38%
E Lamoille Eden
38%
G Orleans Greensboro
38%
L Windham Londonderry
38%
L Caledonia Lyndon
38%
M Bennington Manchester
38%
M Addison Middlebury
38%
P Washington Plainfield
38%
R Windsor Rochester
38%
S Caledonia Sheffield
38%
T Orleans Troy
38%
W Washington Waterbury
38%
W Chittenden Williston
38%
W Windham Wilmington
38%
W Washington Worcester
38%
A Bennington Arlington
31%
A Windham Athens
31%
B Orleans Barton
31%
B Rutland Benson
31%
B Washington Berlin
31%
B Orange Bradford
31%
B Addison Bristol
31%
B Caledonia Burke
31%
C Lamoille Cambridge
31%
C Essex Canaan
31%
C Windsor Chester
31%
C Rutland Chittenden
31%
C Orange Corinth
31%
C Orleans Craftsbury
31%
E Essex East Haven
31%
F Orange Fairlee
31%
G Windham Guilford
31%
H Addison Hancock
31%
H Windsor Hartford
31%
I Rutland Ira
31%
J Windham Jamaica
31%
J Orleans Jay
31%
J Lamoille Johnson
31%
L Addison Leicester
31%
L Addison Lincoln
31%
L Orleans Lowell
31%
M Orleans Morgan
31%
M Lamoille Morristown
31%
N Washington Northfield
31%
P Bennington Peru
31%
P Windsor Plymouth
31%
P Bennington Pownal
31%
P Windham Putney
31%
R Orange Randolph
31%
R Franklin Richford
31%
R Chittenden Richmond
31%
R Windham Rockingham
31%
S Chittenden St. George
31%
S Windham Stratton
31%
S Franklin Swanton
31%
V Addison Vergennes
31%
V Windham Vernon
31%
W Washington Warren
31%
W Caledonia Waterford
31%
W Windsor Woodstock
31%
A Orleans Albany
25%
A Grand Isle Alburgh
25%
A Windsor Andover
25%
B Orange Braintree
25%
B Rutland Brandon
25%
B Essex Brighton
25%
B Orange Brookfield
25%
C Washington Cabot
25%
C Washington Calais
25%
C Rutland Castleton
25%
C Windsor Cavendish
25%
C Chittenden Charlotte
25%
C Orange Chelsea
25%
C Rutland Clarendon
25%
D Rutland Danby
25%
D Bennington Dorset
25%
F Franklin Fairfax
25%
F Rutland Fair Haven
25%
G Orleans Glover
25%
G Addison Goshen
25%
G Windham Grafton
25%
G Caledonia Groton
25%
G Essex Guildhall
25%
H Windsor Hartland
25%
H Chittenden Huntington
25%
I Orleans Irasburg
25%
I Grand Isle Isle La Motte
25%
K Rutland Killington
25%
L Essex Lewis
25%
L Windsor Ludlow
25%
L Essex Lunenburg
25%
M Washington Marshfield
25%
M Washington Middlesex
25%
M Chittenden Milton
25%
M Addison Monkton
25%
M Rutland Mount Holly
25%
N Caledonia Newark
25%
N Orange Newbury
25%
N Windham Newfane
25%
N Addison New Haven
25%
N Essex Norton
25%
P Rutland Pawlet
25%
P Rutland Poultney
25%
R Windsor Reading
25%
R Bennington Readsboro
25%
R Windsor Royalton
25%
R Bennington Rupert
25%
S Addison Salisbury
25%
S Windsor Sharon
25%
S Franklin Sheldon
25%
S Addison Shoreham
25%
S Bennington Stamford
25%
S Windsor Stockbridge
25%
S Caledonia Sutton
25%
T Windham Townshend
25%
T Orange Tunbridge
25%
V Orange Vershire
25%
V Essex Victory
25%
W Caledonia Walden
25%
W Rutland Wallingford
25%
W Windham Wardsboro
25%
W Rutland Wells
25%
W Orleans Westfield
25%
W Windham Westminster
25%
W Windsor Weston
25%
W Caledonia Wheelock
25%
W Washington Woodbury
25%
A Essex Averill
19%
B Windsor Baltimore
19%
B Windsor Barnard
19%
B Caledonia Barnet
19%
B Lamoille Belvidere
19%
B Franklin Berkshire
19%
B Essex Bloomfield
19%
B Chittenden Bolton
19%
B Windsor Bridgewater
19%
B Addison Bridport
19%
B Windham Brookline
19%
B Essex Brunswick
19%
C Addison Cornwall
19%
D Windham Dummerston
19%
E Washington East Montpelier
19%
F Franklin Fairfield
19%
F Essex Ferdinand
19%
F Addison Ferrisburgh
19%
G Essex Granby
19%
G Addison Granville
19%
H Windham Halifax
19%
H Caledonia Hardwick
19%
H Chittenden Hinesburg
19%
H Orleans Holland
19%
H Rutland Hubbardton
19%
H Lamoille Hyde Park
19%
J Chittenden Jericho
19%
K Caledonia Kirby
19%
L Essex Lemington
19%
M Essex Maidstone
19%
M Windham Marlboro
19%
M Rutland Middletown Springs
19%
M Franklin Montgomery
19%
M Washington Moretown
19%
M Rutland Mount Tabor
19%
N Windsor Norwich
19%
O Addison Orwell
19%
P Addison Panton
19%
P Caledonia Peacham
19%
P Rutland Pittsfield
19%
P Rutland Pittsford
19%
P Windsor Pomfret
19%
P Rutland Proctor
19%
R Addison Ripton
19%
R Washington Roxbury
19%
R Caledonia Ryegate
19%
S Bennington Sandgate
19%
S Bennington Searsburg
19%
S Bennington Shaftsbury
19%
S Windham Somerset
19%
S Caledonia Stannard
19%
S Addison Starksboro
19%
S Orange Strafford
19%
S Rutland Sudbury
19%
S Bennington Sunderland
19%
T Orange Thetford
19%
T Orange Topsham
19%
U Chittenden Underhill
19%
W Washington Waitsfield
19%
W Lamoille Waterville
19%
W Chittenden Westford
19%
W Rutland West Haven
19%
W Orleans Westmore
19%
W Addison Weybridge
19%
W Addison Whiting
19%
W Windham Whitingham
19%
W Orange Williamstown
19%
W Lamoille Wolcott
19%
W Bennington Woodford
19%
B Franklin Bakersfield
13%
B Orleans Brownington
13%
D Washington Duxbury
13%
E Lamoille Elmore
13%
F Washington Fayston
13%
F Franklin Fletcher
13%
G Franklin Georgia
13%
G Bennington Glastenbury
13%
H Franklin Highgate
13%
L Bennington Landgrove
13%
M Rutland Mendon
13%
T Rutland Tinmouth
13%
W Addison Waltham
13%
W Orange West Fairlee
13%
W Rutland West Rutland
13%
W Windsor West Windsor
13%
W Bennington Winhall
13%
E Franklin Enosburgh
6%
S Rutland Shrewsbury
6%
W Windsor Weathersfield
6%
A Essex Averys Gore
0%
B Chittenden Buels Gore
0%
W Essex Warner's Grant
0%
W Essex Warren's Gore
0%
No matching quizzes found
Score Distribution
Percent of People with Each Score
Percentile by Number Answered
Your Score History
You have not taken this quiz